00465nam a2200157Ia 4500008004100000020001800041082001800059100001800077245006800095250000900163260004500172300002300217500001900240600003300259650001500292240925s9999 xx 000 0 und d a9781440596193 a808.06665 YAT aYate, Martin. 0aKnock'em Dead: resumes: a killer resume got more job intervews. a12th aLondon:bAdams Media Corporationc,2016. a174p.b0fOriginal aIncludes Index aHumanities & Natural Science aLiterature